=LDR 00000nam 2200000 4500 =001 INLIS000000000007527 =005 20200603073342 =035 ##$$a 0010-061300000007527 =008 200603################g##########0#ind## =041 ##$$a Ind =082 ##$$a 2x3 =090 ##$$a 2x3, Men m =245 ##$$a Mengurai tanda kebesaran Allah /$c Penyunting, Tim redaksi pustaka hidayah; Penerjemah, Irwan Kurniawan =260 ##$$a Bandung :$b Pustaka Hidayah,$c 1996 =300 ##$$a 140 hlm., ; $c 19 x 15 cm. =650 #4$$a Agama Islam-Aqidah =084 ##$$a 2x3 MEN m =990 ##$$a 104.428/Pro-96